|
|
|
|
| LEADER |
01333nam a2200289 a 4500 |
| 001 |
3374908 |
| 008 |
091006s1986 onca b 000 0 eng d |
| 010 |
|
|
|a \\\87165686
|
| 020 |
|
|
|a 0889364842 (pbk.)
|
| 040 |
|
|
|a DLC
|c DLC
|d DLC
|
| 082 |
0 |
0 |
|a 371.96/7/098
|2 19
|
| 245 |
0 |
0 |
|a Teaching children of the poor :
|b an ethnographic study in Latin America /
|c editor, Beatrice Avalos.
|
| 260 |
|
|
|a Ottawa, Ont., Canada :
|b International Development Research Centre,
|c c1986.
|
| 300 |
|
|
|a 175 p. :
|b ill. ;
|c 25 cm.
|
| 490 |
1 |
|
|a IDRC ;
|v 253e
|
| 500 |
|
|
|a Abstracts in French and Spanish.
|
| 504 |
|
|
|a Includes bibliographies.
|
| 541 |
1 |
|
|e 00004620
|
| 650 |
|
0 |
|a Poor children
|x Education
|z Latin America.
|
| 650 |
|
0 |
|a Education
|x Social aspects
|z Latin America.
|
| 650 |
|
0 |
|a Teaching.
|
| 700 |
1 |
|
|a Avalos, Beatrice.
|
| 830 |
|
0 |
|a IDRC (Series) ;
|v 253e.
|
| 852 |
4 |
|
|a Ayesha Abed Library
|j General shelf
|
| 999 |
|
|
|c 4298
|d 4298
|
| 952 |
|
|
|0 0
|1 0
|2 ddc
|4 0
|6 371_967098000000000_TEA_1986
|7 0
|9 3968
|a BRACUL
|b BRACUL
|c GEN
|d 2009-10-07
|g 0.00
|l 0
|o 371.967098 TEA
|p 3010004620
|r 2009-10-07
|t 1
|w 2009-10-07
|y BK
|x No price found in the accession register.
|
| 952 |
|
|
|0 0
|1 0
|2 ddc
|4 0
|6 371_967098000000000_TEA_1986
|7 0
|9 4010
|a BRACUL
|b BRACUL
|c GEN
|d 2009-10-10
|g 0.00
|l 0
|o 371.967098 TEA
|p 3010003089
|r 2009-10-10
|t 1
|w 2009-10-10
|y BK
|x No price found in the accession register.
|